[Event "London Classic Open 2016"]
[Site "London ENG"]
[Date "2016.12.10"]
[Round "2.106"]
[White "Stolarczyk, Anna"]
[Black "Balaji, Aaravamudhan"]
[Result "1-0"]
[WhiteTitle "WCM"]
[WhiteElo "1992"]
[BlackElo "1634"]
[WhiteFideId "1126423"]
[BlackFideId "436224"]
[EventDate "2016.12.09"]

1. d4 Nf6 2. c4 g6 3. Nc3 Bg7 4. g3 O-O 5. Bg2 d6 6. Nf3 Nbd7 7. e4 e5 8. d5 Nc5
9. Qc2 a5 10. b3 Nfd7 11. Be3 f5 12. exf5 e4 13. Nd4 Nd3+ 14. Ke2 Bxd4 15. Bxd4
Nb4 16. Qd2 Ne5 17. Bxe5 dxe5 18. Nxe4 Bxf5 19. a3 Bxe4 20. Bxe4 Na6 21. f3 Nc5
22. Qe3 Qd6 23. h4 a4 24. b4 Nb3 25. Rag1 Qa6 26. Qd3 Nd4+ 27. Kd2 Nb3+ 28. Kd1
c5 29. b5 Qf6 30. h5 Qg5 31. Kc2 Rf6 32. hxg6 hxg6 33. f4 exf4 34. gxf4 Qxf4 35.
Bxg6 Qe5 36. Bf5+ Kf8 37. Rh8+ Kf7 38. Be6+ Rxe6 39. Qh7+ Kf6 40. Rf1+ Kg5 41.
Qh5# 1-0

[Event "London Classic Open 2016"]
[Site "London ENG"]
[Date "2016.12.10"]
[Round "2.107"]
[White "Ignatovic, Ernest"]
[Black "Bhat, Vishal"]
[Result "1-0"]
[WhiteElo "1630"]
[BlackElo "1989"]
[WhiteFideId "12806986"]
[BlackFideId "3216330"]
[EventDate "2016.12.09"]

1. d4 d5 2. Nf3 Nf6 3. g3 Bg4 4. Bg2 Nbd7 5. c4 e6 6. O-O Be7 7. b3 c6 8. Bb2 h6
9. Nbd2 a5 10. Ne5 Nxe5 11. dxe5 Nd7 12. h3 Bh5 13. g4 Bg6 14. e4 Nc5 15. exd5
cxd5 16. cxd5 exd5 17. f4 Qb6 18. Bd4 Qb4 19. Nf3 Bd3 20. Re1 Ba6 21. f5 O-O-O
22. Bxc5 Bxc5+ 23. Kh1 Kb8 24. e6 fxe6 25. fxe6 Rhe8 26. Ne5 Bf2 27. Nd7+ Ka8
28. Re5 Bg3 29. Rxd5 Rxe6 30. Nb6+ Qxb6 31. Rxd8+ Ka7 32. Qd4 Re2 33. Ra8+ 1-0

[Event "London Classic Open 2016"]
[Site "London ENG"]
[Date "2016.12.10"]
[Round "2.108"]
[White "Misyura, Ilya"]
[Black "Witt, Holger"]
[Result "1-0"]
[WhiteElo "1989"]
[BlackElo "1628"]
[WhiteFideId "434183"]
[BlackFideId "24678139"]
[EventDate "2016.12.09"]

1. d4 Nf6 2. c4 g6 3. Nc3 Bg7 4. e4 d6 5. Nf3 O-O 6. Be2 e5 7. O-O exd4 8. Nxd4
Re8 9. f3 c6 10. Rb1 a5 11. Qd3 Na6 12. Be3 Nc5 13. Qd2 Ne6 14. Rfe1 Nxd4 15.
Bxd4 Be6 16. Bf1 d5 17. cxd5 cxd5 18. Bxf6 Bxf6 19. Nxd5 Bxd5 20. exd5 Qb6+ 21.
Kh1 Rxe1 22. Rxe1 Bd4 23. Rd1 Bxb2 24. Rb1 Bc3 25. Qd3 Qf6 26. d6 Rd8 27. d7 Be5
28. Qd5 b6 29. Bb5 Qf4 30. g3 Qe3 31. Rd1 Kg7 32. Kg2 h5 33. Bc4 Bc3 34. Qxf7+
Kh6 35. Rd6 Qg5 36. f4 Qg4 37. h3 Rxd7 38. Rxd7 1-0

[Event "London Classic Open 2016"]
[Site "London ENG"]
[Date "2016.12.10"]
[Round "2.109"]
[White "Leko, Ian E"]
[Black "Bin-Suhayl, Ieysaa"]
[Result "0-1"]
[WhiteElo "1588"]
[BlackElo "1988"]
[WhiteFideId "452173"]
[BlackFideId "429031"]
[EventDate "2016.12.09"]

1. e4 c5 2. Nf3 d6 3. d4 cxd4 4. Nxd4 Nf6 5. Nc3 a6 6. Bg5 e6 7. f4 h6 8. Bh4
Qb6 9. Qd2 Qxb2 10. Rb1 Qa3 11. e5 dxe5 12. fxe5 Nfd7 13. Be2 Bb4 14. Rb3 Qa5
15. Nxe6 g5 16. O-O fxe6 17. Bh5+ Kd8 18. Bg3 Nc6 19. Bg4 Re8 20. Bh5 Rf8 21.
Rf6 Qc5+ 22. Kh1 Rxf6 23. exf6 Qf5 24. Rb1 Qxf6 25. Rd1 Qxc3 26. Qf2 e5 27. Qb6+
Ke7 28. Qc7 Qc5 29. Bg4 Nd4 30. Qxc5+ Bxc5 31. Bxd7 Bxd7 32. Bxe5 Ne6 33. Bf6+
Kxf6 34. Rxd7 Rd8 0-1

[Event "London Classic Open 2016"]
[Site "London ENG"]
[Date "2016.12.10"]
[Round "2.110"]
[White "Jyothilal, N."]
[Black "Haddock, Paul"]
[Result "1/2-1/2"]
[WhiteElo "1985"]
[BlackElo "1569"]
[WhiteFideId "5002605"]
[BlackFideId "419150"]
[EventDate "2016.12.09"]

1. d4 Nf6 2. c4 g6 3. Nc3 Bg7 4. e4 d6 5. f3 O-O 6. Be3 e5 7. d5 a5 8. Bd3 Na6
9. Nge2 Nc5 10. Bc2 Bd7 11. O-O Ne8 12. Qd2 f5 13. exf5 Bxf5 14. Ne4 Bxe4 15.
fxe4 Nf6 16. Ng3 Ng4 17. Bg5 Bf6 18. Bxf6 Nxf6 19. Rae1 Qe7 20. h3 Qg7 21. b3
Rf7 22. a3 b6 23. b4 axb4 24. axb4 Ncd7 25. Ra1 Rff8 26. Ba4 h5 27. Bxd7 Nxd7
28. Rxf8+ Qxf8 29. Rf1 Qg7 30. Qg5 Rf8 31. Rxf8+ Nxf8 32. Qd8 Qd7 33. Qxd7 Nxd7
34. Kf2 Kg7 35. Ne2 Nf6 36. Ke3 g5 37. g3 Kg6 38. Nc1 g4 39. h4 Kf7 40. Nd3 Nd7
41. Nf2 Nf6 42. Nd1 Kg6 43. Kd3 Ne8 44. Ne3 Ng7 45. c5 bxc5 46. bxc5 Kf7 47. c6
Kf6 48. Nc4 Ke7 49. Na3 Ne8 50. Nb5 Kd8 51. Nc3 Ke7 52. Nd1 Kf6 53. Ne3 Ng7 54.
Nc4 Ke7 55. Nd2 Ne8 56. Kc4 Nf6 57. Kb5 Kd8 58. Kc4 Ke7 59. Kd3 Ne8 60. Nc4 Kf6 1/2-1/2

[Event "London Classic Open 2016"]
[Site "London ENG"]
[Date "2016.12.10"]
[Round "2.111"]
[White "Pein, Jonathan"]
[Black "Spychala, Josefa"]
[Result "1-0"]
[WhiteElo "1971"]
[BlackElo "1466"]
[WhiteFideId "417092"]
[BlackFideId "1136208"]
[EventDate "2016.12.09"]

1. e4 c5 2. b3 Nc6 3. Bb2 e5 4. Bc4 Nf6 5. Nc3 d6 6. d3 a6 7. a4 Be7 8. Nge2 Be6
9. O-O O-O 10. Ng3 d5 11. exd5 Bxd5 12. Nxd5 Nxd5 13. Re1 Bf6 14. Ne4 Be7 15.
Qf3 Nd4 16. Bxd4 cxd4 17. Bxd5 1-0

[Event "London Classic Open 2016"]
[Site "London ENG"]
[Date "2016.12.10"]
[Round "2.112"]
[White "Thuesen, Mogens"]
[Black "Bellaiche, Anthony"]
[Result "0-1"]
[BlackTitle "IM"]
[WhiteElo "2212"]
[BlackElo "2472"]
[WhiteFideId "1400878"]
[BlackFideId "615668"]
[EventDate "2016.12.09"]

1. d4 d5 2. c4 c6 3. Nf3 Nf6 4. Nc3 e6 5. Bg5 h6 6. Bh4 dxc4 7. e4 g5 8. Bg3 b5
9. h4 g4 10. Ne5 Bb7 11. Be2 Nbd7 12. Bxg4 Rg8 13. Bf3 Rxg3 14. fxg3 Nxe5 15.
dxe5 Nd7 16. O-O Nxe5 17. Bh5 b4 18. Ne2 Qd3 19. Nf4 Bc5+ 20. Kh2 Qxd1 21. Raxd1
Ke7 22. Kh3 Rg8 23. Be2 Be3 24. b3 c3 25. Nd3 Nxd3 26. Rxd3 Bd2 27. Rdf3 Rg7 28.
Bd3 c5 29. g4 Bc6 30. R3f2 Be3 31. Rf3 Bd4 32. g5 hxg5 33. hxg5 a5 34. Kh4 a4
35. Kh5 c4 36. Bxc4 Bxe4 37. bxa4 Bxf3+ 38. gxf3 Be3 39. Bb3 Rxg5+ 40. Kh4 Rg2
41. Re1 Bf2+ 0-1

[Event "London Classic Open 2016"]
[Site "London ENG"]
[Date "2016.12.10"]
[Round "2.113"]
[White "Battaglini, Gabriel"]
[Black "Karayiannis, Costas"]
[Result "1-0"]
[WhiteTitle "IM"]
[WhiteElo "2426"]
[BlackElo "2159"]
[WhiteFideId "621650"]
[BlackFideId "405183"]
[EventDate "2016.12.09"]

1. d4 Nf6 2. c4 e6 3. Nc3 Bb4 4. f3 d5 5. a3 Bxc3+ 6. bxc3 c6 7. e3 O-O 8. Bd3
b6 9. cxd5 cxd5 10. Qe2 Bb7 11. Nh3 Qc8 12. Bd2 Ba6 13. Nf4 Bxd3 14. Nxd3 Qa6
15. e4 Qc4 16. O-O Nc6 17. e5 Nd7 18. f4 Rae8 19. Rae1 f5 20. exf6 Nxf6 21. Qe3
Ne4 22. Nf2 Nd6 23. Qh3 Rf6 24. g4 Qa2 25. Bc1 Qc2 26. Qf3 Qg6 27. Kh1 Qf7 28.
Re2 g5 29. Rfe1 gxf4 30. g5 Rf5 31. Ng4 Kh8 32. Nh6 Qg6 33. Nxf5 Nxf5 34. Bxf4
Kg8 35. Be5 Nxe5 36. Rxe5 Nd6 37. Rf1 Ne4 38. Qe3 Rf8 39. Rxf8+ Kxf8 40. Qf3+
Ke7 41. h4 h5 42. c4 Nd2 43. Qf6+ Qxf6 44. gxf6+ Kxf6 45. cxd5 exd5 46. Rxd5 Nf3
47. Kg2 Nxh4+ 48. Kg3 Nf5+ 49. Kf4 Ne7 50. Rxh5 Ke6 51. Ke4 Nc8 52. d5+ Kd6 53.
Rh6+ Kc5 54. Rc6+ 1-0

[Event "London Classic Open 2016"]
[Site "London ENG"]
[Date "2016.12.10"]
[Round "2.114"]
[White "Thatte, Nishchal"]
[Black "Pollack, Oscar"]
[Result "0-1"]
[WhiteElo "1495"]
[BlackElo "1985"]
[WhiteFideId "447234"]
[BlackFideId "429414"]
[EventDate "2016.12.09"]

1. e4 e6 2. d4 d5 3. e5 c5 4. c3 Nc6 5. Nf3 Bd7 6. Bd3 cxd4 7. cxd4 Qb6 8. O-O
Nxd4 9. Nxd4 Qxd4 10. Nc3 a6 11. Re1 Ne7 12. Qe2 Ng6 13. Bc2 Be7 14. Bd2 O-O 15.
Rad1 Qb6 16. Bd3 d4 17. Bxg6 hxg6 18. Ne4 Qb5 19. Qf3 Qxe5 20. Qh3 Qh5 21. Qd3
e5 22. Ng3 Qg4 23. f3 Qe6 24. Bf4 Bb5 25. Qd2 Bf6 26. Bg5 Qb6 27. Ne4 Rac8 28.
Bxf6 gxf6 29. Qh6 d3+ 30. Kh1 Rfd8 31. Qh4 Kg7 32. Nd2 Rc2 33. a4 Rd4 34. Qf2
Bxa4 35. b3 Bxb3 36. Rb1 Qb4 37. Kg1 Rxd2 38. Rxb3 Rxf2 39. Rxb4 Rxg2+ 40. Kxg2
Rxb4 41. Rd1 Rd4 42. Kf2 b5 43. Ke3 b4 44. Rxd3 Rxd3+ 45. Kxd3 a5 46. Kc4 f5 47.
Kb3 e4 48. fxe4 fxe4 49. Ka4 e3 50. Kb3 e2 51. Ka4 e1=Q 52. h4 b3 53. Kxb3 Qb4+
54. Ka2 a4 55. Ka1 a3 56. Ka2 Qb2# 0-1

[Event "London Classic Open 2016"]
[Site "London ENG"]
[Date "2016.12.10"]
[Round "2.115"]
[White "Disu, Kayode"]
[Black "Rushbrooke, Tibo"]
[Result "1/2-1/2"]
[WhiteElo "1976"]
[BlackElo "1502"]
[WhiteFideId "432849"]
[BlackFideId "433900"]
[EventDate "2016.12.09"]

1. c4 f5 2. Nc3 Nf6 3. g3 e6 4. Bg2 Be7 5. e3 O-O 6. Nge2 d6 7. O-O e5 8. d3 c6
9. f4 Be6 10. b4 Nbd7 11. b5 Qc7 12. fxe5 dxe5 13. bxc6 bxc6 14. Qc2 Nc5 15. Na4
Rfd8 16. Nxc5 Bxc5 17. Rd1 Qb6 18. d4 exd4 19. Rb1 Qa6 20. exd4 Qxc4 21. Rd2
Bxd4+ 22. Nxd4 Rxd4 23. Qxc4 Rxc4 24. Rd6 Bd5 25. Bxd5+ Nxd5 26. Kg2 Nc3 1/2-1/2

[Event "London Classic Open 2016"]
[Site "London ENG"]
[Date "2016.12.10"]
[Round "2.116"]
[White "Bhavik Ahuja"]
[Black "Edwards, Simon R"]
[Result "1/2-1/2"]
[WhiteElo "1344"]
[BlackElo "1976"]
[WhiteFideId "46647392"]
[BlackFideId "406821"]
[EventDate "2016.12.09"]

1. e4 c5 2. Nf3 g6 3. d4 cxd4 4. Qxd4 Nf6 5. e5 Nc6 6. Qa4 Nd5 7. Qe4 Nc7 8. Nc3
Bg7 9. Bf4 O-O 10. O-O-O a6 11. h4 h5 12. Ng5 Qe8 13. Be2 Ne6 14. Nxe6 dxe6 15.
g4 hxg4 16. h5 f5 17. exf6 exf6 18. Bd6 f5 19. Qf4 Rf6 20. h6 Bh8 21. Bc4 Kh7
22. Rde1 Qd8 23. Rd1 Qg8 24. Ne2 g5 25. Qh2 Rg6 26. Ng3 Qf7 27. c3 b5 28. Bb3
Ne5 29. Qh5 Nf3 30. Nxf5 Qxf5 31. Bc2 Qf7 32. Qxg4 e5 33. Bxg6+ Qxg6 34. Qxf3
Ra7 35. Qf8 Bg4 36. Rdg1 Rf7 37. Qd8 1/2-1/2

[Event "London Classic Open 2016"]
[Site "London ENG"]
[Date "2016.12.10"]
[Round "3.1"]
[White "Safarli, Eltaj"]
[Black "Fodor, Tamas Jr."]
[Result "1-0"]
[WhiteTitle "GM"]
[BlackTitle "GM"]
[WhiteElo "2691"]
[BlackElo "2494"]
[WhiteFideId "13402129"]
[BlackFideId "723762"]
[EventDate "2016.12.09"]

1. e4 e6 2. d4 d5 3. Nd2 Be7 4. Ngf3 Nf6 5. e5 Nfd7 6. Bd3 c5 7. c3 Nc6 8. O-O
g5 9. dxc5 g4 10. Nd4 Ncxe5 11. N2b3 Nxc5 12. Bc2 h5 13. Qe2 Nc6 14. Bf4 Nxb3
15. Nxc6 bxc6 16. axb3 Bd6 17. Bxd6 Qxd6 18. f4 gxf3 19. Rxf3 Rb8 20. Qf2 Rb7
21. Rxa7 Rxa7 22. Qxa7 Rf8 23. b4 Bd7 24. Qe3 Rg8 25. Rh3 d4 26. Qxd4 Qxd4+ 27.
cxd4 Rg4 28. Rd3 Ke7 29. Bd1 Rg5 30. Rc3 Rb5 31. Rc4 Kd6 32. h4 Be8 33. Kf2 f6
34. Ke3 Bf7 35. Bf3 Rb6 36. b5 cxb5 37. Rc5 e5 38. b4 Be8 39. Rc8 Kd7 40. Rc5
Kd6 41. Rc8 Kd7 42. Ra8 Rd6 43. Ra7+ Kd8 44. d5 f5 45. Rh7 e4 46. Bxh5 Bxh5 47.
Rxh5 Rxd5 48. Kf4 Rd2 49. Rxf5 Rxg2 50. Kxe4 Rh2 51. Rf4 Ke7 52. Kf5 Rb2 53. Kg5
Rg2+ 54. Rg4 Rb2 55. Kg6 Kf8 56. h5 Kg8 57. Rd4 Rg2+ 58. Kf6 Rb2 59. Ke6 Kg7 60.
Kd6 Rc2 61. Rd5 1-0

[Event "London Classic Open 2016"]
[Site "London ENG"]
[Date "2016.12.10"]
[Round "3.2"]
[White "Bellahcene, Bilel"]
[Black "Bacrot, Etienne"]
[Result "1/2-1/2"]
[WhiteTitle "IM"]
[BlackTitle "GM"]
[WhiteElo "2496"]
[BlackElo "2689"]
[WhiteFideId "696358"]
[BlackFideId "605506"]
[EventDate "2016.12.09"]

1. d4 Nf6 2. c4 g6 3. Nc3 Bg7 4. e4 d6 5. h3 O-O 6. Nf3 e5 7. d5 a5 8. g4 Na6 9.
Be3 Nc5 10. Nd2 Bd7 11. Be2 c6 12. g5 Ne8 13. h4 cxd5 14. cxd5 a4 15. a3 Rc8 16.
Rc1 f6 17. Kf1 Rf7 18. Kg2 Bf8 19. Qg1 fxg5 20. hxg5 Be7 21. Kf1 b5 22. Qg3 Nc7
23. Kg2 Rb8 24. Na2 N7a6 25. Rc2 Nb3 26. Nb4 Nac5 27. Nd3 Qf8 28. Nxc5 dxc5 29.
Nf3 Bd6 30. Nxe5 Bxe5 31. Qxe5 Re8 32. Qh2 Rxe4 33. Bf3 Qe7 34. Qg3 Re5 35. Rc3
Nd4 36. Bf4 Rxf4 37. Qxf4 Rxg5+ 38. Kf1 b4 39. Qb8+ Kg7 40. Re3 Qf7 41. Qd8 Bb5+
42. Ke1 Nxf3+ 43. Rxf3 Re5+ 44. Re3 Rxd5 45. Qh4 Rh5 46. Qe4 Rxh1+ 47. Qxh1 bxa3
48. bxa3 h5 49. Qe4 Kh7 50. f4 Qg7 51. Qe5 Qxe5 52. Rxe5 Kg7 53. Rxc5 Be8 54.
Kf2 Kf6 55. Kf3 Bd7 56. Rc7 Be8 57. Ke4 Bb5 58. Rc5 Bd7 59. Rc7 Bb5 60. Rc3 Be8
61. Rc5 1/2-1/2

[Event "London Classic Open 2016"]
[Site "London ENG"]
[Date "2016.12.10"]
[Round "3.3"]
[White "Fressinet, Laurent"]
[Black "Adair, James R"]
[Result "1-0"]
[WhiteTitle "GM"]
[BlackTitle "IM"]
[WhiteElo "2672"]
[BlackElo "2489"]
[WhiteFideId "608742"]
[BlackFideId "406252"]
[EventDate "2016.12.09"]

1. e4 c5 2. Nf3 d6 3. d4 cxd4 4. Nxd4 Nf6 5. Nc3 a6 6. g3 e5 7. Nde2 Be7 8. Bg2
O-O 9. O-O b5 10. Nd5 Nbd7 11. Nec3 Nb6 12. Be3 Nfxd5 13. Nxd5 Nxd5 14. Qxd5 Be6
15. Qd2 Qd7 16. b3 a5 17. Rfc1 Rfc8 18. Qd3 Qb7 19. Bd2 Bd7 20. c4 bxc4 21. bxc4
Rc6 22. Rab1 Qc7 23. Bf1 Rc8 24. Rb5 Ra6 25. Rb2 Rc6 26. Qa3 Be6 27. Qxa5 Qxa5
28. Bxa5 d5 29. exd5 Bxd5 30. Rb5 Be6 31. Rxe5 Kf8 32. Rb5 Ke8 33. Rb6 Bc5 34.
Rxc6 Rxc6 35. Bc3 Ra6 36. Rc2 f6 37. Bd3 Rd6 38. Rd2 Ra6 39. Rc2 Rd6 40. Be2 Ra6
41. g4 Ra4 42. Bd2 Kd7 43. Kg2 h6 44. h3 Kc8 45. Bd3 Kd8 46. Bc1 Ke7 47. Kf1 h5
48. f3 Ra8 49. Kg2 Rd8 50. Be2 hxg4 51. hxg4 Ra8 52. f4 Ra4 53. f5 Bf7 54. Bd3
Ra8 55. Be4 Ra4 56. Bd3 Ra8 57. Kf3 Rh8 58. Re2+ Kd7 59. Be3 Rh3+ 60. Ke4 Kc6
61. Bxc5 Kxc5 62. Re3 Rh2 63. Re2 Rh3 64. Re3 Rh2 65. Be2 Bxc4 66. Bxc4 Kxc4 67.
Ra3 Kc5 68. Ra7 Rf2 69. Ke3 Rb2 70. Rxg7 Rxa2 71. Rd7 Ra3+ 72. Kf4 Rb3 73. Rd8
Ra3 74. Re8 Ra6 75. Kg3 Kd5 76. g5 fxg5 77. Kg4 Ra1 78. Kxg5 Kd6 79. Kf6 Kd7 80.
Re2 1-0

[Event "London Classic Open 2016"]
[Site "London ENG"]
[Date "2016.12.10"]
[Round "3.4"]
[White "Hebden, Mark L"]
[Black "Smirin, Ilia"]
[Result "0-1"]
[WhiteTitle "GM"]
[BlackTitle "GM"]
[WhiteElo "2492"]
[BlackElo "2669"]
[WhiteFideId "400084"]
[BlackFideId "2801990"]
[EventDate "2016.12.09"]

1. d4 Nf6 2. Bf4 g6 3. Nc3 Bg7 4. Qd2 c5 5. dxc5 b6 6. e4 bxc5 7. Bh6 O-O 8. h4
Bxh6 9. Qxh6 Ng4 10. Qd2 h5 11. f3 Nf6 12. g4 Nc6 13. Bc4 Rb8 14. Qg5 e6 15.
Qxc5 hxg4 16. e5 Ne8 17. O-O-O Qb6 18. Qxb6 Rxb6 19. f4 d6 20. exd6 Na5 21. Bxe6
Bxe6 22. d7 Nd6 23. Nge2 Rd8 24. Na4 Rb4 25. Nc5 Nab7 26. Nxe6 fxe6 27. h5 Rxd7
28. c3 Re4 29. Ng3 Re3 30. Rhg1 Rxg3 31. Rxg3 gxh5 32. Re3 h4 33. Rxe6 Rg7 34.
Rh6 h3 35. c4 Nxc4 36. Re1 Ncd6 37. Rh5 Nd8 38. f5 N8f7 39. f6 Rg6 40. Rg1 Kf8
41. b4 Ne4 42. Rxg4 Rxg4 43. Rxh3 Rg2 44. Ra3 Ne5 45. b5 Rd2 0-1

[Event "London Classic Open 2016"]
[Site "London ENG"]
[Date "2016.12.10"]
[Round "3.5"]
[White "Hector, Jonny"]
[Black "Gupta, Abhijeet"]
[Result "1-0"]
[WhiteTitle "GM"]
[BlackTitle "GM"]
[WhiteElo "2488"]
[BlackElo "2634"]
[WhiteFideId "1700090"]
[BlackFideId "5010608"]
[EventDate "2016.12.09"]

1. e4 e6 2. d4 d5 3. Nc3 Nf6 4. Bg5 dxe4 5. Nxe4 Be7 6. Bxf6 gxf6 7. Nf3 f5 8.
Nc3 a6 9. Qd2 Qd6 10. O-O-O Nd7 11. Qe3 b5 12. d5 Nb6 13. dxe6 Qxe6 14. Qf4 Bd6
15. Qh4 Be7 16. Qf4 Bd6 17. Qh4 O-O 18. Bd3 b4 19. Ne2 Be7 20. Qg3+ Kh8 21. Nfd4
Qf6 22. Qf3 Rd8 23. Bxf5 Bxf5 24. Qxf5 Qg7 25. Qe4 Bf8 26. Nf5 Qf6 27. f4 Na4
28. Qe5 Qxe5 29. fxe5 Nb6 30. Ned4 Nc4 31. Nc6 Re8 32. Rhe1 a5 33. Rd7 Nd6 34.
g4 Ra6 35. Rxc7 Nb5 36. Rb7 Rxc6 37. Rxb5 a4 38. Rd1 a3 39. bxa3 bxa3 40. Nd6
Re7 41. Rb8 Kg8 42. Nf5 Rec7 43. Rxf8+ 1-0

[Event "London Classic Open 2016"]
[Site "London ENG"]
[Date "2016.12.10"]
[Round "3.6"]
[White "Melkumyan, Hrant"]
[Black "Karthikeyan, P."]
[Result "1/2-1/2"]
[WhiteTitle "GM"]
[BlackTitle "IM"]
[WhiteElo "2633"]
[BlackElo "2474"]
[WhiteFideId "13302485"]
[BlackFideId "5018226"]
[EventDate "2016.12.09"]

1. Nf3 Nf6 2. c4 c5 3. Nc3 Nc6 4. e3 e5 5. d4 cxd4 6. exd4 e4 7. Ne5 Bb4 8. Be2
Qa5 9. O-O Nxe5 10. dxe5 Qxe5 11. Bd2 Bc5 12. Nb5 O-O 13. b4 Be7 14. Qc1 Qf5 15.
Nd4 Qg6 16. Rb1 d5 17. Rb3 Bd6 18. Bf4 Bxf4 19. Qxf4 dxc4 20. Bxc4 Bd7 21. Re1
Rac8 22. Bf1 Rfe8 23. Rg3 Nh5 24. Rxg6 Nxf4 25. Rd6 Ba4 26. a3 g6 27. Re3 Rc1
28. g3 Ne6 29. Kg2 Rd1 30. Rxe4 Nxd4 31. Rexd4 Bc6+ 32. f3 Bxf3+ 33. Kf2 Rxd4
34. Rxd4 Be4 35. a4 Re7 36. a5 a6 37. Rd6 Kg7 38. h4 h6 39. Be2 g5 40. hxg5 hxg5
41. Rd4 Kf6 42. b5 axb5 43. Rb4 Kg6 44. Bxb5 f5 45. a6 bxa6 46. Bxa6 Kf6 47. Be2
g4 48. Rb6+ Kg5 49. Rb8 Rh7 50. Rg8+ Kf6 51. Ke3 Re7 52. Kf2 Rh7 1/2-1/2

[Event "London Classic Open 2016"]
[Site "London ENG"]
[Date "2016.12.10"]
[Round "3.7"]
[White "Maze, Sebastien"]
[Black "Deepan, Chakkravarthy J."]
[Result "1/2-1/2"]
[WhiteTitle "GM"]
[BlackTitle "GM"]
[WhiteElo "2608"]
[BlackElo "2471"]
[WhiteFideId "613762"]
[BlackFideId "5011132"]
[EventDate "2016.12.09"]

1. e4 e5 2. Nf3 Nc6 3. Nc3 Nf6 4. Bb5 Bb4 5. O-O O-O 6. d3 d6 7. Ne2 Ne7 8. c3
Ba5 9. Ng3 c6 10. Ba4 Ng6 11. Re1 Re8 12. h3 h6 13. d4 Bc7 14. Bc2 Be6 15. Be3
a5 16. a4 Qe7 17. Qe2 Rad8 18. Rad1 Bc8 19. Bc1 Nh7 20. Bb3 Be6 21. Qc2 Nf4 22.
Bxf4 exf4 23. Nf1 d5 24. exd5 cxd5 25. Qd3 Ng5 26. N1d2 Qf6 27. Bc2 g6 28. Qb5
Re7 29. Bb3 Kg7 30. Bc2 b6 31. Qf1 Rde8 32. Bd3 Bc8 33. Bb5 Rxe1 34. Rxe1 Re7
35. Rxe7 Qxe7 36. Bc6 Be6 37. Qb5 Nxf3+ 38. Nxf3 Qd8 39. b3 Bb8 40. c4 dxc4 41.
bxc4 Bf5 42. Qb2 Bc7 43. Qe2 Qf6 44. Bb5 Qe6 45. Qd1 Qe4 46. c5 bxc5 47. dxc5
Qb1 48. Qxb1 Bxb1 49. Kf1 Kf6 50. Ke2 Be4 51. Bd3 Bxf3+ 52. Kxf3 Ke5 53. Bc4 f5
54. Bf7 g5 1/2-1/2

[Event "London Classic Open 2016"]
[Site "London ENG"]
[Date "2016.12.10"]
[Round "3.8"]
[White "Hawkins, Jonathan"]
[Black "Elsness, Frode"]
[Result "1/2-1/2"]
[WhiteTitle "GM"]
[BlackTitle "IM"]
[WhiteElo "2590"]
[BlackElo "2452"]
[WhiteFideId "412686"]
[BlackFideId "1501100"]
[EventDate "2016.12.09"]

1. d4 Nf6 2. c4 e6 3. Nc3 Bb4 4. Qc2 d5 5. cxd5 exd5 6. Bg5 h6 7. Bh4 Nc6 8. e3
g5 9. Bg3 h5 10. Bd3 Qe7 11. Nf3 Ne4 12. Bxe4 dxe4 13. Nd2 Bxc3 14. Qxc3 Nb4 15.
Nxe4 Nd5 16. Qc2 O-O 17. Nc3 Nb4 18. Qb1 h4 19. a3 Nc6 20. Nd5 Qd8 21. Nxc7 Rb8
22. Qd1 hxg3 23. hxg3 g4 24. Qd3 f5 25. Qc4+ Kg7 26. Nb5 Qf6 27. O-O-O Bd7 28.
Kb1 Rbc8 29. Nc3 a6 30. Qd3 Rh8 31. Rxh8 Rxh8 32. Nd5 Qe6 33. Nf4 Qe4 34. Qxe4
fxe4 35. Rc1 1/2-1/2

[Event "London Classic Open 2016"]
[Site "London ENG"]
[Date "2016.12.10"]
[Round "3.9"]
[White "Nasuta, Grzegorz"]
[Black "Lenderman, Aleksandr"]
[Result "1/2-1/2"]
[WhiteTitle "IM"]
[BlackTitle "GM"]
[WhiteElo "2448"]
[BlackElo "2581"]
[WhiteFideId "1141686"]
[BlackFideId "2021285"]
[EventDate "2016.12.09"]

1. e4 e6 2. d4 d5 3. Nc3 Bb4 4. e5 b6 5. Qg4 Bf8 6. Bg5 Qd7 7. O-O-O Ne7 8. Bxe7
h5 9. Qg3 Qxe7 10. f4 c6 11. Nf3 g6 12. Ng5 Ba6 13. Bxa6 Nxa6 14. Qf3 O-O-O 15.
h4 Nc7 16. Ne2 Ne8 17. Kb1 Ng7 18. c4 Nf5 19. Rc1 Kb8 20. c5 Qb7 21. Qc3 Rc8 22.
Rh3 Rc7 23. Qe1 Bh6 24. Rb3 b5 25. Nf3 Kc8 26. Kc2 1/2-1/2

[Event "London Classic Open 2016"]
[Site "London ENG"]
[Date "2016.12.10"]
[Round "3.10"]
[White "Aravindh, Chithambaram VR."]
[Black "Houska, Jovanka"]
[Result "1-0"]
[WhiteTitle "GM"]
[BlackTitle "IM"]
[WhiteElo "2566"]
[BlackElo "2397"]
[WhiteFideId "5072786"]
[BlackFideId "405094"]
[EventDate "2016.12.09"]

1. e4 c6 2. d4 d5 3. exd5 cxd5 4. Bd3 Nc6 5. c3 Nf6 6. h3 g6 7. Nf3 Bf5 8. O-O
Qc7 9. Na3 Bxd3 10. Qxd3 Bg7 11. Nc2 O-O 12. Re1 e6 13. Ne3 Rfd8 14. Ng4 Nxg4
15. hxg4 a6 16. g3 e5 17. dxe5 Nxe5 18. Nxe5 Bxe5 19. Bh6 d4 20. Qe4 Bf6 21.
cxd4 Bxd4 22. Kg2 Bg7 23. Rac1 Qb6 24. Bxg7 Kxg7 25. Qe5+ Kg8 26. Rc7 Rd2 27.
Rxf7 Qc6+ 28. Kg1 Kxf7 29. Qf4+ Kg8 30. Qxd2 Rf8 31. Re7 b5 32. Qh6 Rf7 33. Rxf7
Kxf7 34. Qxh7+ Kf6 35. Qh8+ Kf7 36. Qc3 Qe4 37. g5 Ke6 38. Qc8+ Ke7 39. Qxa6
Qb1+ 40. Kg2 Qxb2 41. Qf6+ Qxf6 42. gxf6+ Kxf6 43. Kf3 Kf5 44. Ke3 Ke5 45. Kd3
Kd5 46. a3 Kc5 47. Kc3 g5 48. f3 Kd5 49. Kb4 Kd4 50. Kxb5 Kd3 51. f4 1-0

[Event "London Classic Open 2016"]
[Site "London ENG"]
[Date "2016.12.10"]
[Round "3.11"]
[White "Flear, Glenn C"]
[Black "Bogner, Sebastian"]
[Result "0-1"]
[WhiteTitle "GM"]
[BlackTitle "GM"]
[WhiteElo "2428"]
[BlackElo "2564"]
[WhiteFideId "400165"]
[BlackFideId "4692055"]
[EventDate "2016.12.09"]

1. d4 Nf6 2. c4 e6 3. Nf3 d5 4. Bg5 h6 5. Bxf6 Qxf6 6. Nc3 c6 7. e3 Nd7 8. Bd3
dxc4 9. Bxc4 Bd6 10. O-O Qe7 11. e4 e5 12. d5 Nb6 13. dxc6 bxc6 14. Be2 O-O 15.
Rc1 Be6 16. Qc2 Rfb8 17. Rfd1 a5 18. Nb1 Bxa2 19. Qxc6 Bb4 20. Nbd2 Bxd2 21.
Nxd2 Qb4 22. Nf3 Be6 23. Bd3 Na4 24. Ra1 Nxb2 25. Rdb1 a4 26. Qc2 a3 27. Nxe5
Rc8 28. Nc6 Qb7 29. Bb5 Qxb5 30. Ne7+ Kh7 31. Nxc8 Rxc8 32. Qd2 Qb3 0-1